Synergistic reinforcement of carbon black-graphene hybrid in natural rubber for tire-tread application (Record no. 75655)

MARC details
000 -LEADER
fixed length control field 00661nam a22001817a 4500
100 ## - MAIN ENTRY--AUTHOR NAME
Personal name Neeraj, P.K.
245 ## - TITLE STATEMENT
Title Synergistic reinforcement of carbon black-graphene hybrid in natural rubber for tire-tread application
260 ## - PUBLICATION, DISTRIBUTION, ETC. (IMPRINT)
Name of publisher International Rubber Conference-Rubber Con 2024: Sustainable Development in Rubber Industry-Challenges and Opportunities, 5-7 December 2024, Indian Rubber Institute, Kochi, India, p. 103.
300 ## - PHYSICAL DESCRIPTION
Other physical details Abstract only
650 ## - SUBJECT ADDED ENTRY--TOPICAL TERM
Topical Term Tyre
650 ## - SUBJECT ADDED ENTRY--TOPICAL TERM
Topical Term Reinforcing filler
650 ## - SUBJECT ADDED ENTRY--TOPICAL TERM
Topical Term Graphene
650 ## - SUBJECT ADDED ENTRY--TOPICAL TERM
Topical Term Carbon black
700 ## - ADDED ENTRY--PERSONAL NAME
Personal name Jayakumari, L.S.
700 ## - ADDED ENTRY--PERSONAL NAME
Personal name Ramakrishnan, S.
942 ## - ADDED ENTRY ELEMENTS (KOHA)
Koha item type Journals
Holdings
Withdrawn status Lost status Damaged status Not for loan Home library Current library Date acquired Koha item type
        RRII Library RRII Library 24/09/2025 Journals